Legenda stále v nemilosti Spoločný koncert Pepu Nosa a Jana Kryla v M-klube

Bibliographic Details
Main Author: lost (Author)
Corporate Author: M-klub (Košice, Slovensko) (Author)
Format: Article
Language:Slovak
PhysicalDescription:1 obr.
Subjects:

MARC

LEADER 00000nab a2200000 a 4500
001 vtls000903675
003 SK-MaSNL
005 20260302172807.0
008 040720e20000221xo 0 slo
035 |a KE12634 
040 |a KEVKJB  |b slo  |c KEVKJB  |e AACR2 
041 0 |a slo 
044 |a xo  |c SK 
080 |a 784.66  |2 1981 
100 0 |a lost  |4 aut  |9 879280 
245 1 0 |a Legenda stále v nemilosti  |b Spoločný koncert Pepu Nosa a Jana Kryla v M-klube 
300 |b 1 obr. 
590 |a Nos, Pepa  |b český folkový hudobník 
590 |a Kryl, Jan  |b český hudobník 
600 1 7 |a Nos, Pepa  |2 KEVKJB  |9 879421 
600 1 7 |a Kryl, Jan  |2 KEVKJB  |9 879422 
610 2 7 |a M-klub (Košice, Slovensko)  |2 KEVKJB  |9 29724 
650 0 7 |a koncerty  |2 KEVKJB  |9 19182 
650 0 7 |a informácie  |2 KEVKJB  |9 1285 
651 7 |a Košice (Slovensko)  |2 KEVKJB  |9 18694 
651 7 |a KE,  |2 KEVKJB  |9 877256 
655 7 |a periodikum  |2 snkbucl  |9 29553 
710 2 |a M-klub (Košice, Slovensko)  |4 aut  |9 29724 
773 0 8 |t Košický večer  |g Roč. 11  |g Roč. 32, č.56, 21.2.2000, s. 6 
852 |a ZVYKNI  |b KIS3GCP 
999 |c 1399713  |d 1401643